000 01841aamaa2200385 i 4500
003 EG-GiCUC
005 20260302112016.0
008 080708s1996 ua jr f000 0 ara d
017 _a1996 / 2366
_bدار الكتب والوثائق القومية (مصر)
020 _a977014682x
040 _aEG-GiCUC
_bara
_cEG-GiCUC
_dEG-GiCUC
_erda
041 _aara
_hfre
050 4 _aPJ6505
_bG8 1996
092 0 4 _a416
_bG987
_221
099 0 4 _a416 G987
100 1 _aجويار، ستانسلاس
_d1846-1884
240 1 _aTheorie nouvelle de la metrique arabe , precedee de considerations generales sur le rhythme naturel du langage
_lArabic
245 1 0 _aنظرية جديدة فى العروض العربى /
_cستانسلاس جويار ؛ ترجمة منجى الكعبى ؛ مراجعة وتعليق عبد الحميد الدواخلى
264 _aالقاهرة (مصر) :
_bالهيئة المصرية العامة للكتاب :
_c1996
300 _a285 صفحة ؛
_c24سم
336 _2rdacontent
_atext
337 _2rdamedia
_aUnmediated
338 _2rdacarrier
_avolume
490 0 _aدراسات ادبية
500 _aالترجمة العربية لـ : Theorie nouvelle de la metrique arabe , precedee de considerations generales sur le rhythme naturel du langage
500 _aالنسخة رقم (174863) اهداء د. /جابر عصفور
504 _aيشتمل على ارجاعات ببليوجرافية
541 _aد. / جابر عصفور ؛
_bالقاهرة ؛
_cإهداء ؛
_d2024
650 7 _aاللغة العربية
_xالعروض والقوافى
_2qrmak
700 1 _aالكعبى، منجى،
_eمترجم.
700 1 _aالدواخلى، عبد الحميد،
_eمراجع.
905 _aجمال
_eمدخل
905 _aجيهان
_eمراجع
942 _2ddc
_cBK
_e21
_n0
999 _c100064
_d100064